<?xml version="1.0" encoding="UTF-8"?>
<record
    xmlns:xsi="http://www.w3.org/2001/XMLSchema-instance"
    xsi:schemaLocation="http://www.loc.gov/MARC21/slim http://www.loc.gov/standards/marcxml/schema/MARC21slim.xsd"
    xmlns="http://www.loc.gov/MARC21/slim">

  <leader>02063nam a22003017a 4500</leader>
  <controlfield tag="003">DO-SdBNP</controlfield>
  <controlfield tag="005">20240621121604.0</controlfield>
  <controlfield tag="008">170112b2012 sp  a 00| 0 spa d</controlfield>
  <datafield tag="020" ind1=" " ind2=" ">
    <subfield code="a">9788449435379</subfield>
  </datafield>
  <datafield tag="040" ind1=" " ind2=" ">
    <subfield code="a">BPMSU</subfield>
    <subfield code="b">spa</subfield>
    <subfield code="c">BPMSU</subfield>
  </datafield>
  <datafield tag="082" ind1=" " ind2="4">
    <subfield code="a">372.21 </subfield>
    <subfield code="b">A283m 2012</subfield>
    <subfield code="2">22</subfield>
  </datafield>
  <datafield tag="100" ind1="1" ind2=" ">
    <subfield code="a">Aguilar, Marcela</subfield>
    <subfield code="e">autor</subfield>
  </datafield>
  <datafield tag="245" ind1="1" ind2="0">
    <subfield code="a">Manual de la maestra de preescolar /</subfield>
    <subfield code="c">Marcela Aguilar, Mirta Gloria Fen&#xE1;ndez, Lucas Pacheco </subfield>
  </datafield>
  <datafield tag="260" ind1=" " ind2=" ">
    <subfield code="a">Barcelona :</subfield>
    <subfield code="b">Oc&#xE9;ano, </subfield>
    <subfield code="c">2012</subfield>
  </datafield>
  <datafield tag="300" ind1=" " ind2=" ">
    <subfield code="a">592 p. :</subfield>
    <subfield code="b">il. ; </subfield>
    <subfield code="c">26 cm.  </subfield>
  </datafield>
  <datafield tag="505" ind1="0" ind2=" ">
    <subfield code="a">El jard&#xED;n maternal.-- El ni&#xF1;o de 45 d&#xED;as a 24 meses.-- Recursos.-- El jard&#xED;n de infancia.-- Desarrollos te&#xF3;ricos.-- Did&#xE1;ctica de las matem&#xE1;ticas.-- Did&#xE1;ctica de la lengua.-- Did&#xE1;ctica de las ciencias naturales.-- Did&#xE1;ctica de la tecnolog&#xED;a.-- Did&#xE1;ctica de las ciencias sociales.-- Yo, t&#xFA;, nosotros.-- Recuerdos de otros tiempos.-- Somos constructores.-- Sensaci&#xF3;n y sentimientos.-- Trabajos, maquinas y herramientas.-- De la tierra a la luna.-- A valorar.-- Recursos.-- Aprendemos a cuidarnos.-- El agua.-- Recursos.-- Pelos, plumas o escamas.-- mensajes y mensajes.-- El campo.-- La ciudad.-- Pinceles.-- caballetes y cinceles.-- Se&#xF1;oras y se&#xF1;ores con ustedes.-- Y son&#xF3; la orquesta.-- La evaluaci&#xF3;n de la educaci&#xF3;n en valores.</subfield>
  </datafield>
  <datafield tag="520" ind1=" " ind2=" ">
    <subfield code="a">La presente obra es una propuesta te&#xF3;rica y pr&#xE1;ctica exclusivamente dedicada al perfeccionamiento y actualizaci&#xF3;n del docente de nivel inicial. La misma aborda, fundamentalmente, la problem&#xE1;tica surgida frente a los &#xFA;ltimos cambios did&#xE1;cticos-pedag&#xF3;gicos, con la aparici&#xF3;n en el &#xE1;mbito educativo de una nueva infancia y la dificultad que tienen muchos maestros para hacerle frente</subfield>
  </datafield>
  <datafield tag="590" ind1=" " ind2=" ">
    <subfield code="6">Inventariado, 2024/VM</subfield>
  </datafield>
  <datafield tag="650" ind1=" " ind2="4">
    <subfield code="a">Educaci&#xF3;n preescolar</subfield>
    <subfield code="v"> </subfield>
  </datafield>
  <datafield tag="650" ind1=" " ind2="4">
    <subfield code="a">Jardines infantiles</subfield>
  </datafield>
  <datafield tag="650" ind1=" " ind2="4">
    <subfield code="a"> Did&#xE1;ctica pedag&#xF3;gica </subfield>
  </datafield>
  <datafield tag="650" ind1=" " ind2="4">
    <subfield code="a"> Manual de preescolar</subfield>
  </datafield>
  <datafield tag="650" ind1=" " ind2="4">
    <subfield code="a"> Psicolog&#xED;a educativa </subfield>
  </datafield>
  <datafield tag="700" ind1="1" ind2=" ">
    <subfield code="a">Gonz&#xE1;lez, Adriana </subfield>
    <subfield code="e">selecci&#xF3;n </subfield>
  </datafield>
  <datafield tag="700" ind1="1" ind2=" ">
    <subfield code="a">Hern&#xE1;ndez, Mariela,  </subfield>
    <subfield code="e">ed. </subfield>
  </datafield>
  <datafield tag="910" ind1=" " ind2=" ">
    <subfield code="a">VMateo V. Control de calidad. BPMSU </subfield>
  </datafield>
  <datafield tag="942" ind1=" " ind2=" ">
    <subfield code="2">ddc</subfield>
    <subfield code="c">BK</subfield>
  </datafield>
  <datafield tag="952" ind1=" " ind2=" ">
    <subfield code="0">0</subfield>
    <subfield code="1">0</subfield>
    <subfield code="2">ddc</subfield>
    <subfield code="4">0</subfield>
    <subfield code="7">0</subfield>
    <subfield code="8">CG</subfield>
    <subfield code="a">BPMET</subfield>
    <subfield code="b">BPMET</subfield>
    <subfield code="d">2024-06-21</subfield>
    <subfield code="l">0</subfield>
    <subfield code="o">BPMSU CG 372.21  A283m 2012</subfield>
    <subfield code="p">BPMSU24060072</subfield>
    <subfield code="r">2024-06-21</subfield>
    <subfield code="t">e.2</subfield>
    <subfield code="w">2024-06-21</subfield>
    <subfield code="y">BK</subfield>
  </datafield>
  <datafield tag="952" ind1=" " ind2=" ">
    <subfield code="0">0</subfield>
    <subfield code="1">0</subfield>
    <subfield code="2">ddc</subfield>
    <subfield code="4">0</subfield>
    <subfield code="7">0</subfield>
    <subfield code="8">CG</subfield>
    <subfield code="a">BPMET</subfield>
    <subfield code="b">BPMET</subfield>
    <subfield code="d">2024-06-21</subfield>
    <subfield code="l">0</subfield>
    <subfield code="o">BPMSU CG 372.21  A283m 2012</subfield>
    <subfield code="p">BPMSU24060073</subfield>
    <subfield code="r">2024-06-21</subfield>
    <subfield code="t"> </subfield>
    <subfield code="w">2024-06-21</subfield>
    <subfield code="y">BK</subfield>
  </datafield>
  <datafield tag="999" ind1=" " ind2=" ">
    <subfield code="c">14682</subfield>
    <subfield code="d">14682</subfield>
  </datafield>
</record>
